The Army/ (Record no. 813)

MARC details
000 -LEADER
fixed length control field 01225cam a2200325 a 4500
005 - DATE AND TIME OF LATEST TRANSACTION
control field 20260322212035.0
008 - FIXED-LENGTH DATA ELEMENTS--GENERAL INFORMATION
fixed length control field data
010 ## - LIBRARY OF CONGRESS CONTROL NUMBER
LC control number 2002727089
020 ## - INTERNATIONAL STANDARD BOOK NUMBER
International Standard Book Number 0883631016
020 ## - INTERNATIONAL STANDARD BOOK NUMBER
International Standard Book Number 9780883631010
040 ## - CATALOGING SOURCE
Original cataloging agency IGP
Transcribing agency IGP
Modifying agency DLC
-- DLC
042 ## - AUTHENTICATION CODE
Authentication code pcc
043 ## - GEOGRAPHIC AREA CODE
Geographic area code n-us---
050 00 - LIBRARY OF CONGRESS CALL NUMBER
Classification number UA25
Item number .A773 2001
082 00 - DEWEY DECIMAL CLASSIFICATION NUMBER
Classification number 355/.00973
Edition information 21
092 ## - LOCALLY ASSIGNED DEWEY CALL NUMBER (OCLC)
Classification number 355 A773 2001
001 - CONTROL NUMBER
control field data
245 04 - TITLE STATEMENT
Title The Army/
Statement of responsibility, etc. edited by Harold W. Nelson & Army Historical Foundation.
260 ## - PUBLICATION, DISTRIBUTION, ETC.
Place of publication, distribution, etc. [S.l.] :
Name of publisher, distributor, etc. Hugh Lauter Levin Associates,
Place of publication, distribution, etc. [S.l.] :
Name of publisher, distributor, etc. Hugh Lauter Levin Associates,
Date of publication, distribution, etc. c2001.
300 ## - PHYSICAL DESCRIPTION
Extent 352 p. :
Other physical details ill. (some col.), photos, ports. (some col.) ;
Dimensions 36 cm.
504 ## - BIBLIOGRAPHY, ETC. NOTE
Bibliography, etc. note Includes bibliographical references (p. 346) and index.
610 10 - SUBJECT ADDED ENTRY--CORPORATE NAME
Corporate name or jurisdiction name as entry element United States.
Subordinate unit Army
General subdivision History.
651 #0 - SUBJECT ADDED ENTRY--GEOGRAPHIC NAME
Geographic name United States
General subdivision History, Military.
700 1# - ADDED ENTRY--PERSONAL NAME
Personal name Nelson, Harold W.
710 2# - ADDED ENTRY--CORPORATE NAME
Corporate name or jurisdiction name as entry element Army Historical Foundation.
906 ## - LOCAL DATA ELEMENT F, LDF (RLIN)
a 7
b cbc
c copycat
d 2
e ncip
f 20
g y-gencatlg
925 0# -
-- acquire
-- 2 shelf copies
-- policy default
955 ## - COPY-LEVEL INFORMATION (RLIN)
-- jg16 2003-06-03
-- jg07 2003-06-04 to Dewey
991 ## -
-- r-MRR
-- UA25
-- .A773 2001
-- Copy 1
-- Alc
-- Alc
-- GenBib
Holdings
Withdrawn status Lost status Damaged status Not for loan Home library Current library Shelving location Date acquired Total checkouts Full call number Barcode Date last seen Price effective from Koha item type
        Fairfield Fairfield General stacks 22/03/2026   355/.00973 21 BC0010837 22/03/2026 22/03/2026 Books